| 000 | 00380nam a22001337a 4500 | ||
|---|---|---|---|
| 999 |
_c519581 _d519581 |
||
| 008 | 220321b ||||| |||| 00| 0 eng d | ||
| 100 |
_aDadhich, Balendu Sharam _932555 |
||
| 245 | _aSmart villages: Towards information superhighway | ||
| 260 | _aKurukshetra | ||
| 300 | _a69(12), Oct, 2021: p.27-30 | ||
| 773 | _aKurukshetra | ||
| 906 | _aRURAL DEVELOPMENT | ||
| 942 | _cAR | ||